US State Capitals With No Repeated Letters - Statistics

General Stats
  • This quiz has been taken 41 times
  • The average score is 9 of 14
Answer Stats
Answer % Correct
Austin
88%
Boise
80%
Olympia
80%
Phoenix
80%
Salem
80%
Dover
72%
Raleigh
68%
Jackson
64%
Richmond
64%
Topeka
60%
Madison
52%
Bismarck
48%
Columbia
48%
Charleston
40%
No matching quizzes found
Score Distribution
Percent of People with Each Score
Percentile by Number Answered
Your Score History
You have not taken this quiz